000
00248nam a2200097Ia 4500
008
241105s9999 xx 000 0 und d
041
_a
eng
100
_a
Jain Sneha
245
_a
Residential School In Latur
260
_b
Final Year B. Arch, BNCA
_c
2012
999
_c
360612
_d
360612